Normal view MARC view

Entry Topical Term

Number of records used in: 1

001 - CONTROL NUMBER

  • control field: 7748

003 - CONTROL NUMBER IDENTIFIER

  • control field: OSt

005 - DATE AND TIME OF LATEST TRANSACTION

  • control field: 20160412162014.0

008 - FIXED-LENGTH DATA ELEMENTS

  • fixed length control field: 160412|| aca||aabn | a|a d

040 ## - CATALOGING SOURCE

  • Original cataloging agency: OSt
  • Transcribing agency: OSt

150 ## - HEADING--TOPICAL TERM

  • Topical term or geographic name entry element: Rural development projects
  • Geographic subdivision: India
  • General subdivision: Case studies.

670 ## - SOURCE DATA FOUND

  • Source citation: Work cat.: (OSt)3467: Singh, Katar, 1939- 7747, Rural development :, 1999.